000 00332nam a2200133Ia 4500
005 20251222155042.0
008 251222s9999||||xx |||||||||||||| ||spa||
082 _aINV.64
100 _aBurgos Morales R.
245 0 _aAtención psico espiritual Camiliano (2)
250 _a1ra. ed.
264 _bBiblioteca Nacional
942 _cLIB
999 _c36958
_d36958